Statistiques concernant Films avec Alain Delon

Cliquez ici pour prendre le quiz!

Statistiques générales

  • Ce quiz a été pris 171 fois
  • Le résultat moyen est 11 sur 32

Statistiques - réponses

AnnéeIndicesTitre du film% Correct
1969Romy Schneider - Maurice Ronet - Jane BirkinLa piscine
93%
1970Jean Paul Belmondo - François Capella et Roch Siffredi (rôles)Borsalino
74%
1963Burt Lancaster - Romolo Valli - Terence Hill - fauveLe guépard
70%
1969Jean Gabin (Vittorio Malanese) - Lino VenturaLe clan des Siciliens
68%
1960Annie Girardot - Renato Salvatori - franginsRocco et ses frères
68%
1975Diego de la VegaZorro
65%
1970Bourvil - Gian Maria Volonte - Yves Montand - François PerrierLe cercle rouge
62%
1967François Perier - Nathalie Delon - Jeff Costello (rôle)Le samouraï
59%
1960Marie Laforêt - Maurice Ronet - astre radieuxPlein soleil
59%
1971Charles Bronson - Toshiro Mifune (samouraï) - Ursula AndressSoleil rouge
52%
1976Jeanne Moreau - Michel Lonsdale - occupation allemandeMonsieur Klein
47%
1963cape et d'épée réalisé par Christian-Jacque - une fleurLa tulipe noire
41%
1963Jean Gabin - Viviane Romance - sac dans piscineMélodie en sous sol
41%
1973Jean Gabin - Michel Bouquet - film de José GiovanniDeux hommes dans la ville
32%
1971Simone Signoret - film de Pierre Granier DeferreLa veuve Couderc
32%
1967Lino Ventura - Serge Reggiani - Congo - avionLes aventuriers
28%
1973Simone Signoret (Rose) et Juge LarcherLes granges brûlées
27%
1979Veronique Jannot (Harmony) est infirmièreLe toubib
24%
1968Charles Bronson - salut camaradeAdieu l'ami
23%
1981Anne Parillaud - Choucas (ancien policier détective)Pour la peau d'un flic
23%
1974Mireille Darc - Claude Brasseur - film de Georges LautnerLes seins de glace
21%
1975Roger Borniche - Emile BuissonFlic story
19%
1975Paul Meurisse (Yan Kuq) - Annie Girardot -Le gitan
18%
1966Claudia Cardinale - Anthony Quinn - Maurice Ronet - en AlgérieLes centurions
18%
1964Jane Fonda - Lola Albright - fauvesLes félins
16%
1973Burt Lancaster - agent de la CIAScorpio
14%
1976Mireille Darc - Michel Duchaussoy - court toujoursL'homme pressé
13%
1969Mireille Darc - réalisé par Jean Herman - musique de François De RoubaixJeff
12%
1977Ornella Muti - Stéphane Audran - réalisé par Georges LautnerMort d'un pourri
12%
1977Nicole Calfan - tractions d'avantLe gang
10%
1976Jean Yanne - Renato Salvatori - réalisé par Alain JessuaArmaguedon
7%
1973Sydne Rome - Jeane Moreau - politiqueLa race des seigneurs
5%

Distribution des résultats

Percentile par nombre de réponses

% des personnes avec chaque résultat

Votre développement - résultats

Vous n’avez pas pris ce quiz